| 000 | 00687nam a22002057a 4500 | ||
|---|---|---|---|
| 999 |
_c192789 _d192789 |
||
| 005 | 20221004130844.0 | ||
| 010 | _aENG-135291 | ||
| 020 |
_c995.00 _a9789380164670 |
||
| 035 | _aEN-118823 | ||
| 037 | _bDBAD/PUB | ||
| 082 | _a345.0268 | ||
| 100 | _aVaidya, Asmita A. | ||
| 245 |
_aCyber crime and law in the information technology / _cby Asmita A. Vaidya [and] Adwait M. Vaidya |
||
| 260 |
_aDelhi _bA.K. Publications _c2016 |
||
| 270 |
_aB-61/E-1, Gali No. 14, Jagatpuri Ext. Shahadra, _bDelhi _e110093 |
||
| 300 |
_a264p. _c22cm(Hb) |
||
| 500 | _aIncludes bibliographical references and index | ||
| 700 | _aVaidya, Adwait M. | ||
| 942 |
_2ddc _cEN _mVAI _h345.0268 |
||